Banky chystají v retailovém bankovnictví mnoho novinek
Odpovede na niektoré oztázky, týkajúce sa oblasti retailového bankovníctva na českom trhu. Nové produkty retailových bánk a rozšírenie služieb - Česká spořitelna, Komerční banka. Novinky v investičnej oblasti - HVB Bank Czech Republic. Rozšírenie pobočkovej siete - Volksbank. Hypotéky a kreditné kar...
Salvato in:
| Natura: | Capitolo di libro |
|---|---|
| Lingua: | ceco |
| Soggetti: | |
| Tags: |
Nessun Tag, puoi essere il primo ad aggiungerne!!
|
MARC
| LEADER | 00000naa$a2200000$$$4500 | ||
|---|---|---|---|
| 001 | 0007937 | ||
| 005 | 20231010083104.5 | ||
| 041 | 0 | |a cze | |
| 044 | |a CZ | ||
| 245 | 1 | 0 | |a Banky chystají v retailovém bankovnictví mnoho novinek |
| 520 | |a Odpovede na niektoré oztázky, týkajúce sa oblasti retailového bankovníctva na českom trhu. Nové produkty retailových bánk a rozšírenie služieb - Česká spořitelna, Komerční banka. Novinky v investičnej oblasti - HVB Bank Czech Republic. Rozšírenie pobočkovej siete - Volksbank. Hypotéky a kreditné karty - Reffeisenbank, GE Capital bank, eBanka. | ||
| 610 | 2 | 0 | |a bankovníctvo |
| 610 | 2 | 0 | |a bankovníctvo retailové |
| 610 | 2 | 0 | |a Česko |
| 610 | 2 | 0 | |a služby bankové |
| 610 | 2 | 0 | |a produkty |